000 00404nam a2200169Ia 4500
008 230524s9999 xx 000 0 und d
020 _a8121926165
082 _a620.1
_bKHU
100 _aR.S.Khurmi
245 2 _aA Text Book of Engineering Mechanics
250 _a36TH
260 _aNEW DELHI
_bS.Chand
_c2006
300 _a723
500 _aQuantity Number: 20
650 _aMechanics
942 _cBK
999 _c1366
_d1366